000 00379nam a2200157Ia 4500
008 160316s1997 xxu||||| |||| 00| 0 eng d
082 _a347.050000
_bSAR
100 _aSarkar M C
245 _aCivil court practice : Procedure and manual
250 _a10th
260 _aNagpur
_bWadhwa & Co.
_c1997
300 _a808p
_b
_c
365 _bRs.550/-
650 _a
700 _a
_a
999 _c11307
_d11307